Loving your city into the kingdom : (Record no. 2759)

MARC details
000 -LEADER
fixed length control field 01078pam a2200301 a 4500
001 - CONTROL NUMBER
control field 4946959
003 - CONTROL NUMBER IDENTIFIER
control field GBCCL
005 - DATE AND TIME OF LATEST TRANSACTION
control field 20241126110438.0
008 - FIXED-LENGTH DATA ELEMENTS--GENERAL INFORMATION
fixed length control field 961204s1997 cau b 000 0 eng
010 ## -
-- 96052722
020 ## - INTERNATIONAL STANDARD BOOK NUMBER
International Standard Book Number 0830718737 (hardcover)
020 ## - INTERNATIONAL STANDARD BOOK NUMBER
International Standard Book Number 0830718958 (trade paper)
040 ## - CATALOGING SOURCE
Original cataloging agency DLC
Transcribing agency DLC
Modifying agency DLC
050 00 -
-- BV2653
-- .H33 1997
082 00 - DEWEY DECIMAL CLASSIFICATION NUMBER
Classification number 269.2091732
Edition information 21
Item number HAG
100 1# - MAIN ENTRY--PERSONAL NAME
Personal name Haggard, Ted.
9 (RLIN) 4390
245 10 - TITLE STATEMENT
Title Loving your city into the kingdom :
Remainder of title city-reaching strategies for 21st-century revival /
Statement of responsibility, etc. Ted Haggard and Jack W. Hayford.
260 ## - PUBLICATION, DISTRIBUTION, ETC.
Place of publication, distribution, etc. Ventura, Calif., U.S.A. :
Name of publisher, distributor, etc. Regal,
Date of publication, distribution, etc. c1997.
300 ## - PHYSICAL DESCRIPTION
Extent 204 p. ;
Dimensions 24 cm.
504 ## - BIBLIOGRAPHY, ETC. NOTE
Bibliography, etc. note Includes bibliographical references.
650 #0 - SUBJECT ADDED ENTRY--TOPICAL TERM
Topical term or geographic name entry element City missions.
9 (RLIN) 4738
650 #0 - SUBJECT ADDED ENTRY--TOPICAL TERM
Topical term or geographic name entry element Evangelistic work.
9 (RLIN) 290
650 #0 - SUBJECT ADDED ENTRY--TOPICAL TERM
Topical term or geographic name entry element Interdenominational cooperation.
9 (RLIN) 5843
700 1# - ADDED ENTRY--PERSONAL NAME
Personal name Hayford, Jack W.
9 (RLIN) 4419
906 ## - LOCAL DATA ELEMENT F, LDF (RLIN)
a 7
b cbc
c orignew
d 1
e ocip
f 19
g y-gencatlg
942 ## - ADDED ENTRY ELEMENTS (KOHA)
Source of classification or shelving scheme Dewey Decimal Classification
Koha item type Books
Koha issues (borrowed), all copies 3
Holdings
Withdrawn status Lost status Source of classification or shelving scheme Damaged status Not for loan Home library Current Library Shelving location Date acquired Total checkouts Total renewals Full call number Barcode Date last seen Date last checked out Copy number Price effective from Koha item type
    Dewey Decimal Classification     GRACE BIBLE COLLEGE GRACE BIBLE COLLEGE Ministry & Mission 2017-09-14 2 1 269.2091732 HAG 007101 2026-02-16 2026-02-09 c.1 2017-09-14 Books
    Dewey Decimal Classification     GRACE BIBLE COLLEGE GRACE BIBLE COLLEGE Ministry & Mission 2017-09-14 2   269.2091732 HAG 007102 2025-05-01 2024-09-20 c.2 2017-09-14 Books
© Grace Bible College Library 2025